Statistics for Treasure Planet Characters Quiz

Click here to take the quiz!

General Stats

  • This quiz has been taken 125 times
  • The average score is 7 of 10

Answer Stats

DescriptionCharacter% Correct
A teenage adolescent pining for adventureJim Hawkins
100%
A small creature that can morph into any formMorph
90%
The captain of the RLS Legacy who slightly resembles a catCaptain Amelia
84%
A robot who literally "lost his mind" and was abandoned on Treasure Planet by Captain FlintB.E.N.
79%
An alien doctor who slightly resembles a dogDelbert Doppler
69%
A cyborg who leads the mutiny on the RLS LegacyJohn Silver
69%
Captain Amelia's first mateMr. Arrow
64%
Jim Hawkin's mother who runs the Benbow InnSarah Hawkins
64%
A vicious, spider/crab-like crewman on the RLS LegacyScroop
63%
A sailor who owned the map to Treasure PlanetBilly Bones
55%

Score Distribution

Percentile by Number Answered

Percent of People with Each Score

Your Score History

You have not taken this quiz